| 000 | 00342nam a2200133Ia 4500 | ||
|---|---|---|---|
| 008 | 220803s9999 xx 000 0 und d | ||
| 020 | _a8123907427 | ||
| 041 | _aeng | ||
| 082 | _a720.030 JAI | ||
| 100 |
_aJain S Pub. _930143 |
||
| 245 | _aWebster's Pocket Thesaurus .-8123907427 | ||
| 260 |
_aNew Delhi _bCBS Publisher _c2001 |
||
| 300 | _a318p | ||
| 999 |
_c18974 _d18974 |
||